Institutiones Oratoriae.
Kaydedildi:
| Yazar: | |
|---|---|
| Diğer Yazarlar: | |
| Materyal Türü: | Kitap |
| Baskı/Yayın Bilgisi: |
Napoli, Italia:
Istituto Suor Orsola Benincasa,
1989.
|
| Seri Bilgileri: | Frontiera d'Europa: il pensiero del Mezzogiorno d'Italia. Testi e studi ;,
|
| Konular: | |
| Etiketler: |
Etiketle
Etiket eklenmemiş, İlk siz ekleyin!
|
MARC
| LEADER | 00000nam a22000007a 4500 | ||
|---|---|---|---|
| 003 | CL-VaPUC | ||
| 005 | 20220822114735.0 | ||
| 008 | 220727t1989 ||||| |||| 00| 0 eng d | ||
| 999 | |c 437652 |d 437650 | ||
| 020 | |a 88-7771-003-9 | ||
| 040 | |c Pontificia Universidad Católica de Valparaíso | ||
| 082 | 7 | |a 808.5 VIC 1989 |2 22 | |
| 100 | 1 | |a Vico, Giambattista |e autore |9 266513 | |
| 245 | |a Institutiones Oratoriae. | ||
| 260 | |a Napoli, Italia: |b Istituto Suor Orsola Benincasa, |c 1989. | ||
| 300 | |a 567 páginas. | ||
| 490 | |a Frontiera d'Europa: il pensiero del Mezzogiorno d'Italia. |a Testi e studi ;, |n 1. | ||
| 500 | |a c.1 Donación Familia Prof. Alejandro Guzmán Brito. | ||
| 583 | |c 20220727 |k Catalogador Asistente | ||
| 650 | |a Retórica antigua |y hasta 1800 |9 874103 | ||
| 700 | |a Crifò, Giuliano |e testo critico, versione e commento |9 874100 | ||
| 942 | |2 ddc |c BK |n 0 | ||
| 952 | |0 0 |1 0 |2 ddc |4 0 |6 808_500000000000000_VIC_1989 |7 0 |8 C_AGB |9 585440 |a BIBDER |b BIBDER |d 2022-07-27 |e Donación |i 5653487 |o 808.5 VIC 1989 |p 5653487 |r 2023-01-25 |t 1 |w 2022-07-27 |y BK_US |k AGB | ||